Mastering integrated HTML and CSS

Đã lưu trong:
書目詳細資料
主要作者:  DeBolt, Virginia
格式: Sách
語言:Undetermined
出版:  John Wiley & Sons  2007
主題:
標簽: 添加標簽
沒有標簽, 成為第一個標記此記錄!
Thư viện lưu trữ: Trung tâm Thư viện - Trường Đại học Công nghiệp TP. Hồ Chí Minh
LEADER 00504nam a2200157Ia 4500
001 UIH_04296
008 231011s9999 xx 000 0 und d
082 |a  006.7 
100 |a  DeBolt, Virginia 
245 0 |a  Mastering integrated HTML and CSS 
245 0 |c  DeBolt, Virginia 
260 |b  John Wiley & Sons 
260 |c  2007 
650 |a  HTML (Ngôn ngữ thiết kế web);  
927 |a Sách 
980 |a Trung tâm Thư viện - Trường Đại học Công nghiệp TP. Hồ Chí Minh